| 000 | 01294nam a2200265 a 4500 | ||
|---|---|---|---|
| 001 | 41206 | ||
| 003 | BD-RjUL | ||
| 005 | 20211209053339.0 | ||
| 008 | 160517s2007 ii ||||| |||| 00| d ben d | ||
| 020 | _c:IRs. 80.00 | ||
| 035 | _a(BD-RjUL)41322 | ||
| 040 |
_aBD-RjUL _bben _cBD-RjUL _dBD-RjUL |
||
| 041 | _aben | ||
| 082 |
_223 _a891.442 _bDUE 2007 |
||
| 100 |
_aদত্ত, মাইকেল মধুসূদন _9126769 |
||
| 245 |
_aএকেই কি বলে সভ্যতা ? , বুড় সালিকের ঘাড়ে রোঁ / _cমাইকেল মধুসূদন দত্ত ; পরিচায়িকা : ক্ষেত্র গুপ্ত ; সম্পাদনা সুবীর মুখোপাধ্যায় |
||
| 260 |
_aকলকাতা : _bপুস্তক বিপণী, _c২০০৭ |
||
| 300 |
_a১৭৫ পৃ. ; _c২৩ সেমি. |
||
| 500 | _aটীকা ও পরিভাষা সংযুক্ত | ||
| 650 |
_aবাংলা নাটক _9126770 |
||
| 650 |
_aBengali Drama _9126771 |
||
| 700 |
_aগুপ্ত , ক্ষেত্র, পরিচায়ক _9126772 |
||
| 700 |
_aমুখোপাধ্যায়, সুবী্ ; সম্পাদক _9126773 |
||
| 942 |
_2ddc _cBK |
||
| 999 |
_c41206 _d41206 |
||